| 000 | 00601nam a22001697a 4500 | ||
|---|---|---|---|
| 003 | 0 | ||
| 005 | 20230818103419.0 | ||
| 008 | 230818b xxu||||| |||| 00| 0 eng d | ||
| 020 | _a978-971-506-901-4 | ||
| 050 |
_aPZ 5 _b.G76 2022 |
||
| 245 |
_aGrowing up Filipino 3 : new stories for young adults _ccollected and edited by Cecilia Manguerra Brainard |
||
| 260 |
_aManila _bUniversity of Santo Tomas Publishing House _cc2022. |
||
| 300 |
_aviii, 296 pages : _bill. ; _c23cm. |
||
| 500 | _aFilipino Americans--Juvenile fiction. | ||
| 650 | _aFilipino Americans--Juvenile fiction. | ||
| 942 |
_2lcc _cBK |
||
| 999 |
_c365176 _d365176 |
||